| 000 | 00491nam a2200181Ia 4500 | ||
|---|---|---|---|
| 001 | 4329 | ||
| 005 | 20260306145748.0 | ||
| 008 | 260306t2004||||xx |||||||||||||| ||spa|| | ||
| 041 | _aESP | ||
| 082 |
_a320.946 _bA59 |
||
| 100 |
_aAndújar Castillo, Francisco _eAUT |
||
| 245 | 0 |
_aEl sonido del dinero: _bmonarquía, ejército y venalidad en la España del siglo XVIII |
|
| 260 | _c2004 | ||
| 300 |
_a485 páginas : _c22 cm. |
||
| 650 | _aGEN | ||
| 654 | _aCDE | ||
| 942 |
_cLIB _dJUS _fJUS _2ddc _n |
||
| 999 |
_c4329 _d4329 |
||